000 00845nam a2200277 4500
001 6015
010 _a9789892300139
021 _b276940/08
090 _a6015
100 _a20250925d2008 c y0pory5003 ba
200 1 _aDocinho de morango joga futebol
_fRuth Koeppel
_gil. Ken Edwards ; trad. e adapt. Sara Costa
205 _a2ª ed.
210 9 _aPorto
_cASA
_d2008
215 _a[30] p.
_cmuito il.
225 2 _aDocinho de morango.
_iLivros de histórias
_v4
304 _aTít. orig.: Strawberry shortcake plays soccer
606 _914
_aLiteratura infantil
606 _913
_aLiteratura Estrangeira
675 _a82-93
_vBN
_zpor
675 _a821.1/.8
_vBN
_zpor
700 _aKoeppel
_bRuth
_95702
702 _aEdwards
_bKen
_95703
702 _aCosta
_bSara
_93288
801 0 _aPT
_bBEN2VN
_gRPC
830 _cTânia Croca
_d25/09/2025
990 _cLIVROS